Evaluación de riesgos de higiene y seguridad ocupacional en Panadería y Repostería Melba
Presenta la evaluación de riesgos de higiene y seguridad ocupacional en Panadería y Repostería Melba en el cual se realizó un estudio de la situación actual en materia de seguridad ocupacional asi como la identificación de los factores de riesgos físicos, químicos y biológicos también la v...
| Main Authors: | , , |
|---|---|
| Other Authors: | |
| Format: | Tesis Section = Libro |
| Language: | Undetermined Spanish |
| Published: |
Managua
UNI
2017
|
| Subjects: |
| LEADER | 01371nam a2200289Ia 4500 | ||
|---|---|---|---|
| 008 | 240830s9999 xx 000 0 und d | ||
| 040 | |a BIBLIOTECA-RUPAP Mon 363.11 Z35 | ||
| 041 | |a spa | ||
| 082 | |a Mon 363.11 Z35 | ||
| 100 | 1 | |a Zapata Girón, Gloria Cristina | |
| 100 | 1 | |b Árame Alegría, Liz | |
| 100 | 1 | |c Gaitán Gutiérrez, Marjorie Guadalupe | |
| 245 | 1 | 0 | |a Evaluación de riesgos de higiene y seguridad ocupacional en Panadería y Repostería Melba |
| 260 | |a Managua |b UNI |c 2017 | ||
| 300 | |a 122 p. :il. | ||
| 500 | |a Conriene anexos y CD | ||
| 502 | |a Tesis (Ingeniero Industrial)- UNI, 2017. | ||
| 520 | 3 | |a Presenta la evaluación de riesgos de higiene y seguridad ocupacional en Panadería y Repostería Melba en el cual se realizó un estudio de la situación actual en materia de seguridad ocupacional asi como la identificación de los factores de riesgos físicos, químicos y biológicos también la valoración de las acciones que se deben de llevar acabo considerando las estimaciones de los riesgos identificados. | |
| 650 | 7 | |a PANADERIA Y REPOSTERIA MELBA - NICARAGUA | |
| 650 | 7 | |b HIGIENE Y SEGURIDAD OCUPACIONAL | |
| 650 | 7 | |c MAPA DE RIESGO LABORAL | |
| 650 | 7 | |d SALUD Y SEGURIDAD | |
| 650 | 7 | |e CONTROL DE RIESGOS | |
| 700 | 1 | |a Tutor: |b Fuentes Espinoza, Oscar Danilo | |
| 942 | |c BK |2 ddc | ||
| 991 | |a TESIS | ||
| 999 | |c 15511 | ||